Twilight Trivia - Statistics

General Stats
  • This quiz has been taken 426 times
  • The average score is 15 of 20
Answer Stats
Hint Answer % Correct
Who is the main characters love interest (full name)? Edward Cullen
96%
Who is the other love interest (full name)? Jacob Black
94%
What town is the story set in? Forks
90%
What is the main characters fathers name (full name)? Charlie Swan
89%
What is the main characters name (full name)? Isabella Swan
89%
What is the baby of the main character called? Renesme
88%
What is the second book in the series called? New Moon
87%
What is the first book in the series called? Twilight
87%
What is the third book in the series called? Eclipse
84%
What is the fourth book in the series called? Breaking Dawn
83%
What state is the main character from? Arizona
80%
What state is the story set in? Washington
80%
Who wrote the Twilight series? Stephanie Meyer
78%
Who creates an army of vampires in the third book? Victoria
78%
Who tries to kill the main character in the first book? James
76%
What town is the main character from? Phoenix
76%
What is the other perspective of the first book called? Midnight Sun
59%
Who was the other vampire part of the group that included the above two people? Laurent
46%
What is the main characters mothers name (full name)? Renee Dwyer
28%
What is the other perspective of the third book called? The Short Second Life of Bree Tanner
18%
No matching quizzes found
Score Distribution
Percent of People with Each Score
Percentile by Number Answered
Your Score History
You have not taken this quiz